Object-oriented programming with C++ (Record no. 155617)

MARC details
000 -LEADER
fixed length control field 00397nam a2200157Ia 4500
008 - FIXED-LENGTH DATA ELEMENTS--GENERAL INFORMATION
fixed length control field 230917s9999||||xx |||||||||||||| ||und||
040 ## - CATALOGING SOURCE
-- 158725
Original cataloging agency VIVEKANANDA LIBRARY
041 ## - Language
-- English
082 ## - DDC NUMBER
Classification number 005.133 B181O(4)
100 ## - MAIN ENTRY--PERSONAL NAME
Personal name Balagurusamy, E
245 #0 - TITLE STATEMENT
Title Object-oriented programming with C++
250 ## - EDITION STATEMENT
Edition statement 4th ed.
260 ## - PUBLICATION, DISTRIBUTION, ETC. (IMPRINT)
Place of publication, distribution, etc New Delhi
Name of publisher, distributor, etc Tata McGraw-Hill
Date of publication, distribution, etc 2010
300 ## - PHYSICAL DESCRIPTION
Pages 635 p.
942 ## - ADDED ENTRY ELEMENTS (KOHA)
Koha item type Books
Holdings
Withdrawn status Lost status Damaged status Not for loan Location (home branch) Sublocation or collection (holding branch) Date acquired Koha issues (times borrowed) Koha full call number Accession No. Koha date last seen Koha item type
        VIVEKANANDA LIBRARY VIVEKANANDA LIBRARY 27/07/2010 3 005.133 B181O(4) 282595 08/01/2025 Books
        VIVEKANANDA LIBRARY VIVEKANANDA LIBRARY 27/07/2010   005.133 B181O(4) 282596 17/09/2023 Books
        VIVEKANANDA LIBRARY VIVEKANANDA LIBRARY 27/07/2010 1 005.133 B181O(4) 282598 29/12/2025 Books
        VIVEKANANDA LIBRARY VIVEKANANDA LIBRARY 27/07/2010   005.133 B181O(4) 282599 17/09/2023 Books
© Designed and Maintained by Vivekananda Library, MDU Rohtak